Europa y las inversiones americanas / (Record no. 89968)

MARC details
000 -LEADER
campo de control de longitud fija 00736nam a2200229 i 4500
001 - NÚMERO DE CONTROL
campo de control 89968
003 - IDENTIFICADOR DE NÚMERO DE CONTROL
campo de control ES-MaACL
005 - FECHA Y HORA DE LA ÚLTIMA TRANSACCIÓN
campo de control 20230906180319.0
007 - CAMPO FIJO DE DESCRIPCIÓN FÍSICA--INFORMACIÓN GENERAL
campo de control de longitud fija t|
008 - DATOS DE LONGITUD FIJA--INFORMACIÓN GENERAL
campo de control de longitud fija 050117s1968 sp ||||1| spa d
080 ## - NÚMERO DE LA CLASIFICACIÓN DECIMAL UNIVERSAL
Número de la Clasificación Decimal Universal 332.453.6(73:4)
100 1# - ENTRADA PRINCIPAL--NOMBRE DE PERSONA
Nombre de persona Layton, Christopher.
9 (RLIN) 70770
245 10 - MENCIÓN DEL TÍTULO
Título Europa y las inversiones americanas /
Mención de responsabilidad, etc. Christopher Layton ; versión española de José María de Zunzunegui.
260 ## - PUBLICACIÓN, DISTRIBUCIÓN, ETC.
Lugar de publicación, distribución, etc. Madrid :
Nombre del editor, distribuidor, etc. Taurus,
Fecha de publicación, distribución, etc. [1968]
300 ## - DESCRIPCIÓN FÍSICA
Extensión 257 p. ;
Dimensiones 18 cm.
490 1# - MENCIÓN DE SERIE
Mención de serie Ser y tiempo ;
Designación de volumen o secuencia 39
650 14 - PUNTO DE ACCESO ADICIONAL DE MATERIA--TÉRMINO DE MATERIA
Término de materia o nombre geográfico como elemento de entrada Inversiones americanas-
Subdivisión geográfica Europa.
9 (RLIN) 13887
700 1# - ENTRADA AGREGADA--NOMBRE PERSONAL
Nombre de persona Zunzunegui, José María de.
9 (RLIN) 118510
830 0# - PUNTO DE ACCESO ADICIONAL DE SERIE-TÍTULO UNIFORME
Título uniforme Ser y tiempo ;
Designación de volumen o secuencia 39
9 (RLIN) 182364
852 ## - LOCALIZACIÓN
Ubicación ES-MaACL
Número de control de estantería C-56817
Sublocalización o colección R.67791
Holdings
Estatus retirado Estado de pérdida Estado de daño No para préstamo Biblioteca de origen Biblioteca actual Ubicación en estantería Fecha de adquisición Fuente de adquisición Total de préstamos Signatura topográfica completa Código de barras Visto por última vez Precio de reemplazo Tipo de ítem Koha
        Biblioteca del Ateneo de Madrid Biblioteca del Ateneo de Madrid Depósito 2 17/01/2008     C-56817 1093955 23/02/2023 23/02/2023 Libro impreso